000 00565nam a2200133Ia 4500
003 GCL
008 140319s9999 xx 000 0 ara d
040 _aGCL /
_cGCL
082 0 4 _a301.363
_bم ا
100 1 _aالمعهد العربى لانماء المدن
245 1 0 _aاساليب الادارة والتنظيم فى خدمة المدن العربية المعاصرة اعمال وبحوث وتوصيات المؤتمر السابع لمنظمة المدن العربية /
_cالمعهد العربى لانماء المدن
300 _a325 ص
490 _a
999 _c37939
_d37939